Central Library OPAC University of Rajshahi

Matter and memory / (Record no. 16070)

MARC details
000 -LEADER
fixed length control field 01034nam a2200265 a 4500
001 - CONTROL NUMBER
control field 16070
003 - CONTROL NUMBER IDENTIFIER
rucl marc code BD-RjUL
005 - DATE AND TIME OF LATEST TRANSACTION
control field 20211208235939.0
008 - FIXED-LENGTH DATA ELEMENTS--GENERAL INFORMATION
fixed length control field 140211s1911 enk 001 0 eng d
035 ## - SYSTEM CONTROL NUMBER
System control number (BD-RjUL)16125
040 ## - CATALOGING SOURCE
Original cataloging agency BD-RjUL
Language of cataloging eng
Transcribing agency BD-RjUL
Modifying agency BD-RjUL
041 1# - LANGUAGE CODE
Language code of text/sound track or separate title eng
Language code of original fre
082 ## - DEWEY DECIMAL CLASSIFICATION NUMBER
Classification number 194
Author mark and year BEM
100 1# - MAIN ENTRY--PERSONAL NAME
Personal name Bergson, Henri,
Dates associated with a name 1859-1941.
9 (RLIN) 49703
245 10 - TITLE STATEMENT
Title Matter and memory /
Statement of responsibility, etc. Henri Bergson ; authorized translation by Nancy Margaret Paul and W. Scott Palmer
260 ## - PUBLICATION, DISTRIBUTION, ETC. (IMPRINT)
Place of publication, distribution, etc. London :
Name of publisher, distributor, etc. George Allen ;
Place of publication, distribution, etc. New York :
Name of publisher, distributor, etc. Macmillan,
Date of publication, distribution, etc. 1911.
300 ## - PHYSICAL DESCRIPTION
Pagination xx, 339 p. :
Illustrations ill. ;
Size 22 cm
500 ## - GENERAL NOTE
General note This translation of Monsieur Bergson's Matiére et Mémoire has been made from the 5th ed. of 1908, and has has the great advantage of being revised in proof by the author. The marginal notes are peculiar to the English ed.
504 ## - BIBLIOGRAPHY, ETC. NOTE
Bibliography, etc Includes index
650 #0 - SUBJECT ADDED ENTRY--TOPICAL TERM
Topical term or geographic name as entry element Mind and body
9 (RLIN) 49742
Topical term or geographic name as entry element Memory.
9 (RLIN) 7165
830 #0 - SERIES ADDED ENTRY--UNIFORM TITLE
Uniform title Library of philosophy
942 ## - ADDED ENTRY ELEMENTS (KOHA)
Source of classification or shelving scheme Dewey Decimal Classification
Koha item type Books
Holdings
Lost status Source of classification or shelving scheme Damaged status Not for loan Collection code Permanent Location Current Location Shelving location Date acquired Source of acquisition Cost, normal purchase price Total Checkouts Full call number Date last seen Copy number Koha item type
  Dewey Decimal Classification   Not For Loan Non-fiction Central Library, University of Rajshahi Central Library, University of Rajshahi Reading Room 09/06/1956 PUB. limited 13.00   194 BEM 1911 11/02/2014 C-1 Books